Diffraction Analysis of the Microstructure of Materials /
Guardado en:
| Autores principales: | , |
|---|---|
| Formato: | Libro |
| Lenguaje: | inglés |
| Publicado: |
Berlin
Springer
2004
|
| Colección: | Materials Science
|
| Materias: | |
| Etiquetas: |
Sin Etiquetas, Sea el primero en etiquetar este registro!
|
MARC
| LEADER | 00000nam a22000003a 4500 | ||
|---|---|---|---|
| 001 | 0084764 | ||
| 003 | SK-STU | ||
| 005 | 20201130082900.0 | ||
| 007 | ta | ||
| 008 | 201130s ----xo-----e------000-0-----d | ||
| 020 | |a 3-540-40519-4 | ||
| 022 | |a 0933-033X | ||
| 040 | |a STU |b slo | ||
| 041 | 0 | |a eng | |
| 044 | |a gw | ||
| 100 | 1 | |a Mittemeijer, E. J. |4 aut | |
| 245 | 1 | 0 | |a Diffraction Analysis of the Microstructure of Materials / |c aut. E. J Mittemeijer, P Scardi |
| 260 | |a Berlin |b Springer |c 2004 | ||
| 300 | |a 549 s. | ||
| 490 | 0 | |a Materials Science | |
| 650 | 0 | 7 | |a mikroštruktúry |
| 650 | 0 | 7 | |a difrakcia |
| 700 | 1 | |a Scardi, P. |4 aut | |
| 996 | |b 284M088494 |c M* 14397-1 |l MMKN |s A |a 24 |w 0084764_0001 | ||